000 00967nam a22003017a 4500
003 CHAP
005 20220817042325.0
008 971013s1969 r 00010 d
010 _a40877
011 _a41849
035 _a45975
040 _cCHAP
082 _a338.1
_bM6Y
100 0 0 _aMosher, Arthur T.
_eed.
_979008
245 _aManual de instrucción para el estudio en grupo de Cómo hacer avanzar la agricultura
260 _aMéxico, D.F. :
_bUTEHA,
_c1969
300 _a140 p.
_b: ilus
590 _aBATCH-UPD
_b10
_c20130110
_lUCH01
_h1902
590 _aBATCH-UPD
_b10
_c20130410
_lUCH01
_h1230
590 _aBATCH-UPD
_b10
_c20130914
_lUCH01
_h1338
590 _aCONVERSION
_b10
_c20130109
_lUCH01
_h1323
650 1 4 _aAgricultura
_xAspectos económicos.
650 1 4 _aExtensión agrícola.
_939144
650 1 4 _aPolítica agrícola.
_990283
901 _aBK
942 _cLIBRO
949 _a338.1 M6Y
_bBC
_cLIBRO
_d33724000345799
_eLIBRO
_h13410
_i45975
_mD
_si
999 _c40877
_d40877